| 000 | 00682cam a22002171 4500 | ||
|---|---|---|---|
| 001 | BD-DhSAU 6424 | ||
| 003 | BD-DhSAU | ||
| 005 | 20150508153711.0 | ||
| 008 | 751017s1944 nyuad 000 0 eng | ||
| 040 | _aBD-DhSAU | ||
| 082 |
_a633.34 _222 _bMAS |
||
| 100 | 1 | _aMarkley, Klare Stephen, | |
| 245 | 0 | 0 |
_aSoybean chemistry and technology / _cby Klare S. Markley ... and Warren H. Goss ... |
| 260 |
_aBrooklyn, N.Y. : _bChemical publishing company, inc. , _c1944. |
||
| 300 |
_avii, 261 p.: _bill. ; _c22 cm. |
||
| 500 | _a"Literature cited" at end of each part. | ||
| 504 | _aIncludes index | ||
| 590 | _aIMRAN | ||
| 650 | 0 | _aSoybean. | |
| 700 | 1 |
_aGoss, Warren H., _ejoint author. |
|
| 942 |
_2ddc _cBOOK |
||
| 999 |
_c6424 _d6424 |
||